00725 2200265 4500001002100000005001500021035002000036245006700056100002600123250001200149300002100161700002700182700003000209264004500239336002100284337003000305338001800335082000800353084001400361020001800375020002500393650001800418650001000436990001300446INLIS00000000000236720250811081119 a0010-08250000971 aThe midnight library = perpustakaan tengah malam /cHaig, Matt0 aHaig, MattePengarang aCet. 12 a368 hal ;c20 cm0 aDharmawatiePenerjemah0 aDian AnggraeniePengarang aJakarta :bGramedia Pustaka Utama,c2020 2rdacontentateks 2rdamediaaTanpa Perantara 2rdacarriera- a823 a823 HAI m a9786020649320 aE-ISBN 9786020649337 4aFiksi Inggris 4aNovel a25000580